| 000 | 00626nam a2200205Ia 4500 | ||
|---|---|---|---|
| 005 | 20230628111220.0 | ||
| 008 | 131103s9999 xx 000 0 und d | ||
| 020 | _cRs.30 | ||
| 040 | _aLoreto College | ||
| 041 | _aEnglish | ||
| 082 |
_a942 _bTRE |
||
| 100 | _aTrevelyan,G.M. | ||
| 245 |
_aEnglish social history _b a survey of six centuries Chaucer to Queen Victoria _cG.M.Trevelyan |
||
| 260 |
_aBombay _bOrient Longmans _c1944 (1970 printing) |
||
| 300 |
_axii,628 p. _b ill.,dia.,maps |
||
| 504 | _aIncludes index | ||
| 650 | _aEngland - History,since 6th century to Queen Victoria | ||
| 850 | _aLCLIB | ||
| 942 | _cBK | ||
| 999 |
_c8876 _d59355 |
||